Report of the Orissa Pay Commission (Record no. 489346)

000 -LEADER
fixed length control field 00446cam a22001457a 4500
008 - FIXED-LENGTH DATA ELEMENTS--GENERAL INFORMATION
fixed length control field 180718b1969 xxu||||| |||| 00| 0 eng d
082 ## - DEWEY DECIMAL CLASSIFICATION NUMBER
Classification number K23x5414 Or4
100 ## - MAIN ENTRY--PERSONAL NAME
Personal name Orissa. Pay Commission
245 ## - TITLE STATEMENT
Title Report of the Orissa Pay Commission
Statement of responsibility, etc. by Finance Department
260 ## - PUBLICATION, DISTRIBUTION, ETC.
Place of publication, distribution, etc. Bhubaneswar
Name of publisher, distributor, etc. Finance Department
Date of publication, distribution, etc. 1969
300 ## - PHYSICAL DESCRIPTION
Extent -v-
500 ## - GENERAL NOTE
General note Library has v.1. 781+p.
700 ## - ADDED ENTRY--PERSONAL NAME
Personal name Orissa. Finance Department
700 ## - ADDED ENTRY--PERSONAL NAME
Personal name Das, B.C. (Chairman)
Holdings
Withdrawn status Lost status Damaged status Not for loan Permanent Location Current Location Date acquired Full call number Barcode Date last seen Price effective from Koha item type
        Indian Institute of Public Administration Indian Institute of Public Administration 2018-08-04 K23x5414 Or4 GG10317 2018-08-04 2018-08-04 GG

Powered by Koha